<?xml version="1.0" encoding="UTF-8"?>
<collection xmlns="http://www.loc.gov/MARC21/slim">
  <record>
    <leader>00000nam  2200000   4500</leader>
    <controlfield tag="001">INLIS000000000018966</controlfield>
    <controlfield tag="005">20250121104735</controlfield>
    <datafield tag="035" ind1="#" ind2="#">
      <subfield code="a">0010-0125000110</subfield>
    </datafield>
    <controlfield tag="007">ta</controlfield>
    <controlfield tag="008">250121################g##########0#ind##</controlfield>
    <datafield tag="020" ind1="#" ind2="#">
      <subfield code="a">978-623-02-2330-3</subfield>
    </datafield>
    <datafield tag="082" ind1="#" ind2="#">
      <subfield code="a">345</subfield>
    </datafield>
    <datafield tag="084" ind1="#" ind2="#">
      <subfield code="a">345 SUL a</subfield>
    </datafield>
    <datafield tag="100" ind1=" " ind2="#">
      <subfield code="a">Sulistyowati</subfield>
    </datafield>
    <datafield tag="245" ind1="1" ind2="#">
      <subfield code="a">Alternatif Penegakan Hukum Pidana Berbasis Nilai Keadilan /</subfield>
      <subfield code="c">Sulistyowati</subfield>
    </datafield>
    <datafield tag="260" ind1="#" ind2="#">
      <subfield code="a">Yogyakarta :</subfield>
      <subfield code="b">Deepublish,</subfield>
      <subfield code="c">2021</subfield>
    </datafield>
    <datafield tag="300" ind1="#" ind2="#">
      <subfield code="a">xi, 176 hlm. ;</subfield>
      <subfield code="c">2.1 MB</subfield>
    </datafield>
    <datafield tag="650" ind1="#" ind2="4">
      <subfield code="a">Hukum Pidana</subfield>
    </datafield>
    <datafield tag="520" ind1="#" ind2="#">
      <subfield code="a">Buku yang berjudul Alternatif Penegakan Hukum Pidana Berbasis Nilai Keadilan, membahas secara sistematis menjelaskan berbagai konsep yang berkaitan dengan pembentukan karakter, talenta, dan perilaku individu dikaitkan dengan produktivitas kerja. Secara lugas dan menarik buku ini membahas tentang pentingnya pemahaman terhadap kepribadian. Kematangan pribadi dapat dicapai dengan mengenal diri sendiri. Dengan pengenalan diri yang tepat maka diharapkan dapat memperoleh konsep diri yang lebih tepat untuk mengembangkan segi positif.</subfield>
    </datafield>
    <datafield tag="856" ind1="#" ind2="#">
      <subfield code="a">https://web-ipustakalan.moco.co.id/book/400c290b-2cd9-43a7-9fae-39f12786be6c</subfield>
    </datafield>
    <datafield tag="990" ind1="#" ind2="#">
      <subfield code="a">2024/4/A/0021</subfield>
    </datafield>
    <datafield tag="990" ind1="#" ind2="#">
      <subfield code="a">2024/4/A/0022</subfield>
    </datafield>
  </record>
</collection>
